Statistics for Reality TV Show by Synopsis #1

Click here to take the quiz!

General Stats

  • This quiz has been taken 34,634 times
    (20,485 since last reset)
  • The average score is 9 of 17

Answer Stats

SummaryAnswer% Correct
Singers compete to become America's next pop sensationAmerican Idol
95%
Contestants are voted off the island until only one remainsSurvivor
83%
Obese contestants compete to lose the most weightThe Biggest Loser
81%
Wannabe business executives try not to get fired by Donald TrumpThe Apprentice
78%
Italian-Americans share a beach houseJersey Shore
67%
Show that brought us One DirectionThe X Factor
63%
Series that follows vain, wealthy women in Orange County and other placesReal Housewives
62%
Bad boys, bad boys, watcha gonna do?COPS
57%
Show that takes us inside the depressing world of child beauty pageantsToddlers and Tiaras
49%
Two tabloid-friendly parents raise sextupletsJon & Kate Plus 8
45%
Fashion designers compete to design the best clothesProject Runway
45%
Find out what happens when people stop being polite and start being realThe Real World
42%
Chefs do battle to make the best food using a secret ingredientIron Chef
37%
Sexy carpenter dramatically upgrades family homesExtreme Makeover:
Home Edition
32%
Paris Hilton and Nicole Richie live with Arkansas farmersThe Simple Life
30%
For some reason, women compete to win the love of Bret MichaelsRock of Love
22%
Like the above, but with has-been celebrities such as MC HammerThe Surreal Life
9%

Score Distribution

Percentile by Number Answered

Percent of People with Each Score

Your Score History

You have not taken this quiz since the last reset